banner-ar

المقبرة المصرية القديمة / (Record no. 60435)

MARC details
000 -الفاتح
حقل البيانات ثابتة الطول 01187nam a22003017a 4500
005 - وقت وتاريخ اخر تعامل مع التسجيلة
رقم الضبط 20240530110410.0
008 - عناصر البيانات ثابتة الطول - معلومات عامة
حقل البيانات ثابتة الطول 150214s2010 ua ce a 001 0 ara d
017 ## - رقم الايداع القانونى
رقم الايداع القانونى 15257/2009
المصدر ( الهيئة المختصة) مصر . دار الكتب المصرية
020 ## - الرقم الدولى المعيارى للكتب
الرقم الدولى المعيارى للكتاب 9771439073
040 ## - مصدر الفهرسة
وكالة الفهرسة الأصلية EG-CaGPL
041 0# - رمز اللغة
رمز لغة النص/ المسارات الصوتية أو العنوان الانفرادي ara
082 04 - رقم تصنيف ديوى العشرى
رقم الطبعة 21
رقم التصنيف 722
رقم المادة ط/ن ر
100 1# - المدخل الرئيسى - إسم شخصى
الإسم الشخصى مورلى ، جاكلين
الشكل الأكمل للاسم جاكلين مورلى
245 12 - بيان العنوان
العنوان المقبرة المصرية القديمة /
بيان المسئوليه,etc تاليف جاكلين مورلى ؛ ترجمة نهضة مصر ؛ اشراف داليا محمد ابراهيم
250 ## - بيان الطبعة
بيان الطبعة ط1
260 ## - PUBLICATION, DISTRIBUTION, ETC. (IMPRINT)
تاريخ النشر أو التوزيع 2010
300 ## - الوصف المادى
التعداد 45 ص :
تفاصيل ماديه اخرى للوعاء ايض ؛
أبعاد الوعاء 28 سم
490 0# - بيان السلسلة
عنوان السلسلة روائع العمارة القديمة
650 04 - المدخل الاضافى بالموضوع-مصطلح موضوعى
مصطلح موضوعي الاطفال
التقسيم الفرعي العام قصص
650 04 - المدخل الاضافى بالموضوع-مصطلح موضوعى
مصطلح موضوعي التحنيط
650 04 - المدخل الاضافى بالموضوع-مصطلح موضوعى
مصطلح موضوعي وادى الملوك
650 04 - المدخل الاضافى بالموضوع-مصطلح موضوعى
مصطلح موضوعي العمارة المصرية القديمة
700 1# - المدخل الاضافى - اسم شخصى
الإسم الشخصى هويتسون ، نيك
الدور رسام
700 0# - المدخل الاضافى - اسم شخصى
الإسم الشخصى داليا محمد ابراهيم
الدور مشرف
710 2# - المدخل الاضافى - اسم هيئه
اسم الهيئة أو اسم السلطة كمدخل نهضة مصر
الدور مترجم
942 ## - عناصر المدخل الإضافي( كوها)
مصدر التصنيف او مخطط الترفيف Dewey Decimal Classification
Koha [default] item type كتاب
260 ## - PUBLICATION, DISTRIBUTION, ETC. (IMPRINT)
-- القاهرة :
-- نهضة مصر للطباعة والنشر والتوزيع ،
Holdings
حالة التراجع حالة الفقد حالة تلف ليس للاعارة المكان المؤقت الموقع الحالى تاريخ الاكتساب اجمالي اﻻعارات رقم الطلب الباركود تاريخ اخر مشاهدة تاريخ تفعيل السعر نوع وعاء كوها
        مكتبة القاهرة الكبرى مكتبة القاهرة الكبرى 02/14/2015   722 ط/ن ر 159481 02/14/2015 02/14/2015 كتاب

Powered By

EGPV